| 000 | 00825nam a2200229 i 4500 | ||
|---|---|---|---|
| 001 | 114249 | ||
| 003 | ES-MaACL | ||
| 005 | 20251203110943.0 | ||
| 007 | t| | ||
| 008 | 061121s1931 sp r ||||1| spa d | ||
| 100 | 1 |
_aPalacio Valdés, Armando, _d1853-1938 _988382 |
|
| 245 | 1 | 3 |
_aEl gobierno de las mujeres : _bensayo histórico de política femenina / _cArmando Palacio Valdés. |
| 260 |
_aMadrid : _bVictoriano Suárez, _c1931. |
||
| 300 |
_a250 p. ; _c21 cm. |
||
| 530 | _aDisponible en formato digital. | ||
| 650 | 4 |
_aReinas- _zEuropa- _xBiografías. _9168470 |
|
| 655 | 0 |
_aBiografías _9176647 |
|
| 852 | 4 |
_aES-MaACL _jF-15523 _cSPP2 |
|
| 856 | 4 |
_uhttps://bnedigital.bne.es/bd/es/epub?id=2f4e2a27-1a2a-4e3c-9ae9-142c6614a2d5 _y(Biblioteca Digital Hispánica) |
|
| 942 | _2udc | ||
| 999 |
_c114249 _d114249 |
||